000 00496nam a2200181Ia 4500
005 20250317130952.0
008 008 250317s9999 xx 000 0 eng d
037 _aTextbook
040 _aFMSL
_beng
_cFMSL
041 _aeng
_2eng
084 _aX651 N2
_qFMSL
100 _aGupta LC
_9119044
245 0 _aStock Exchange trading in India
260 _aDelhi
_bDelhi, SCMRD
_c1992
300 _a137p
942 _cTB
_hX651 N2
999 _c1266093
_d1266093